Elementry Differential Equations and Boundry Value Problems (Record no. 301631)
[ view plain ]
| 000 -LEADER | |
|---|---|
| fixed length control field | 00486 a2200157 4500 |
| 001 - CONTROL NUMBER | |
| control field | 66558 |
| 020 ## - INTERNATIONAL STANDARD BOOK NUMBER | |
| International Standard Book Number | 9780470398739 |
| 082 ## - DEWEY DECIMAL CLASSIFICATION NUMBER | |
| Classification number | 515.35 BOY |
| 090 ## - LOCALLY ASSIGNED LC-TYPE CALL NUMBER (OCLC); LOCAL CALL NUMBER (RLIN) | |
| -- | 38553 |
| -- | 38553 |
| 100 ## - MAIN ENTRY--PERSONAL NAME | |
| Personal name | Boyce, William E |
| 245 ## - TITLE STATEMENT | |
| Title | Elementry Differential Equations and Boundry Value Problems |
| Remainder of title | International student Version |
| Statement of responsibility, etc. | William E Boyce |
| Medium | English |
| 250 ## - EDITION STATEMENT | |
| Edition statement | 9th edition |
| 260 ## - PUBLICATION, DISTRIBUTION, ETC. | |
| Place of publication, distribution, etc. | USA |
| Name of publisher, distributor, etc. | John Wiley and Sons Inc |
| Date of publication, distribution, etc. | 2010 |
| 300 ## - PHYSICAL DESCRIPTION | |
| Extent | xix, 796p, Pb |
| Other physical details | Fine paper |
| Dimensions | 21x26cm |
| 500 ## - GENERAL NOTE | |
| General note | CD/DVD |
| 942 ## - ADDED ENTRY ELEMENTS (KOHA) | |
| Institution code [OBSOLETE] | NUST-CAE |
| Call number prefix | 515.35 BOY |
| Withdrawn status | Lost status | Damaged status | Not for loan | Collection code | Permanent Location | Current Location | Date acquired | Total Checkouts | Full call number | Barcode | Date last seen | Price effective from | Koha item type |
|---|---|---|---|---|---|---|---|---|---|---|---|---|---|
| College of Aeronautical Engineering (CAE) | College of Aeronautical Engineering (CAE) | 04/03/2017 | 515.35 BOY | CAE82113 | 04/05/2017 | 04/05/2017 | Book |
